Представление документа в формате MARC21

Поле Инд. ПП Название Значение
Тип записи a
Библиографический уровень m
001 Контрольный номер RU/IS/BASE/306321781
005 Дата корректировки 20140703180329.9
020 a ISBN 978-5-406-00149-3
040 a Служба первич. каталог. НБ ТвГУ
b Код языка каталог. rus
e Правила каталог. PSBO
041 0_ a Код языка текста rus
080 a Индекс УДК 519.85(075.8)
084 a Индекс другой классификации/Индекс ББК В183.4я73-1
090 a Полочн. индекс В183.4
x Авторский знак Д 13
100 1_ a Автор Давыдов Евгений Георгиевич
q Полное имя Давыдов Е. Г.
245 10 a Заглавие Элементы исследования операций
b Продолж. заглавия учебное пособие для студентов вузов, обучающихся по направлению 230100 "Информатика и вычислительная техника"
260 a Место издания Москва
b Издательство КноРус
c Дата издания 2010
300 a Объем 157, [1] с.
b Иллюстрации/ тип воспроизводства ил.
504 a Библиография Библиогр.: с. 157-[158]
650 a Основная рубрика Операций исследование
x Основная подрубрика Учебники для вузов
650 14 a Основная рубрика Программирование математическое
653 a Ключевые слова Исследование операций
a Ключевые слова Математическое программирование
a Ключевые слова Программирование
910 a гриф есть**
920 a Оператор Густ
930 a Новая/Ретро учебники
952 c Вид литературы К ру
954 a Дата поступления на обработку 20090915